| 000 | 00674nam a2200205Ii 4500 | ||
|---|---|---|---|
| 003 | JO-AjNU | ||
| 008 | 230605s9999||||xx |||||||||||||| ||und|| | ||
| 040 |
_aJO-AjNU _bara _erda _cJO-AjNU |
||
| 041 | _aara | ||
| 050 | 1 | 4 | _aML189 2006 |
| 100 | 3 |
_aاعداد رمال ، حبيب , _eauthor _957259 |
|
| 245 | 0 | 0 | _aموسوعة المطربين |
| 250 | _aط1 | ||
| 264 | 3 | 1 | _a بيروت : دار اليوسف ، 2006 |
| 300 |
_a292ص _bيحتوي على صور توضيحية |
||
| 336 |
_atext _btxt _2rdacontent |
||
| 337 |
_aunmediated _bn _2rdamedia |
||
| 338 |
_avolume _bnc _2rdacarrier |
||
| 650 | 4 |
_aموسيقى عربية - الغناء العربي _957260 |
|
| 999 |
_aA25647 _c29215 _d29215 |
||